Der Beruf : (Record no. 70090)

MARC details
000 -LEADER
fixed length control field 03912nam a22007695i 4500
005 - DATE AND TIME OF LATEST TRANSACTION
control field 20230718140303.0
006 - FIXED-LENGTH DATA ELEMENTS--ADDITIONAL MATERIAL CHARACTERISTICS
fixed length control field m|||||o||d||||||||
007 - PHYSICAL DESCRIPTION FIXED FIELD--GENERAL INFORMATION
fixed length control field cr || ||||||||
008 - FIXED-LENGTH DATA ELEMENTS--GENERAL INFORMATION
fixed length control field 220629t20182018gw fo d z ger d
010 ## - LIBRARY OF CONGRESS CONTROL NUMBER
LC control number 2018440532
020 ## - INTERNATIONAL STANDARD BOOK NUMBER
International Standard Book Number 9783839445495
040 ## - CATALOGING SOURCE
Original cataloging agency DE-B1597
Language of cataloging eng
Transcribing agency DE-B1597
Description conventions rda
041 0# - LANGUAGE CODE
Language code of text/sound track or separate title ger
050 00 - LIBRARY OF CONGRESS CALL NUMBER
Classification number HD8038.A1
Item number S25 2018.
084 ## - OTHER CLASSIFICATION NUMBER
Classification number MS 5200
Number source rvk
100 1# - MAIN ENTRY--PERSONAL NAME
Personal name Sailmann, Gerald,
Relator term author.
Relator code aut
-- http://id.loc.gov/vocabulary/relators/aut
245 14 - TITLE STATEMENT
Title Der Beruf :
Remainder of title Eine Begriffsgeschichte /
Statement of responsibility, etc. Gerald Sailmann.
264 #1 - PRODUCTION, PUBLICATION, DISTRIBUTION, MANUFACTURE, AND COPYRIGHT NOTICE
Place of production, publication, distribution, manufacture Bielefeld :
Name of producer, publisher, distributor, manufacturer transcript Verlag,
Date of production, publication, distribution, manufacture, or copyright notice [2018]
264 #4 - PRODUCTION, PUBLICATION, DISTRIBUTION, MANUFACTURE, AND COPYRIGHT NOTICE
Date of production, publication, distribution, manufacture, or copyright notice ©2018
300 ## - PHYSICAL DESCRIPTION
Extent 1 online resource (264 p.)
336 ## - CONTENT TYPE
Content type term text
Content type code txt
Source rdacontent
337 ## - MEDIA TYPE
Media type term computer
Media type code c
Source rdamedia
338 ## - CARRIER TYPE
Carrier type term online resource
Carrier type code cr
Source rdacarrier
347 ## - DIGITAL FILE CHARACTERISTICS
File type text file
Encoding format PDF
Source rda
490 0# - SERIES STATEMENT
Series statement Histoire ;
Volume/sequential designation 147
505 00 - FORMATTED CONTENTS NOTE
Title Frontmatter --
-- Inhalt --
-- Einführung --
-- Teil I: Der Berufsbegriff in der Ständegesellschaft --
-- 1. Berufsideen ohne Berufsbegriff --
-- 2. Die Entstehung des Berufsbegriffs in der Reformation --
-- 3. Der Beruf in Absolutismus und Aufklärung --
-- 4. Der Beruf zwischen den Epochen --
-- Teil II: Der Beruf in der Industriegesellschaft --
-- 5. Der Beruf als Wegbereiter der Moderne --
-- 6. Der Beruf in der industriegeprägten Gesellschaft --
-- 7. Der Beruf in der entwickelten Industriegesellschaft --
-- 8. Ertrag der begriffsgeschichtlichen Analyse --
-- Literatur
506 0# - RESTRICTIONS ON ACCESS NOTE
Standardized terminology for access restriction unrestricted online access
Source of term star
520 ## - SUMMARY, ETC.
Summary, etc. Jeder kennt den Begriff, jeder verwendet ihn: »Beruf«. Heutzutage ist seine Bedeutung - insbesondere im deutschen Sprachraum - überragend. Seine gesellschaftliche Karriere verlief jedoch nicht zielgerichtet, sondern auf Umwegen, die kaum jemand kennt.Gerald Sailmanns umfassende Überblicksdarstellung zeichnet die Entwicklung des Berufsgedankens in Stände- und Industriegesellschaft nach und spannt dabei einen Bogen von der Antike bis zur Gegenwart.
520 ## - SUMMARY, ETC.
Summary, etc. This book traces the idea of the profession along historical landmarks and analyses its characteristics and functions.
538 ## - SYSTEM DETAILS NOTE
System details note Mode of access: Internet via World Wide Web.
540 ## - TERMS GOVERNING USE AND REPRODUCTION NOTE
Terms governing use and reproduction This eBook is made available Open Access under a CC BY 4.0 license:
Uniform Resource Identifier <a href="https://creativecommons.org/licenses/by/4.0 ">https://creativecommons.org/licenses/by/4.0 </a>
-- <a href="https://www.degruyter.com/dg/page/open-access-policy">https://www.degruyter.com/dg/page/open-access-policy</a>
546 ## - LANGUAGE NOTE
Language note In German.
588 0# - SOURCE OF DESCRIPTION NOTE
Source of description note Description based on online resource; title from PDF title page (publisher's Web site, viewed 29. Jun 2022)
650 #0 - SUBJECT ADDED ENTRY--TOPICAL TERM
Topical term or geographic name entry element Occupations
General subdivision History.
650 #0 - SUBJECT ADDED ENTRY--TOPICAL TERM
Topical term or geographic name entry element Occupations
Geographic subdivision Germany.
650 #0 - SUBJECT ADDED ENTRY--TOPICAL TERM
Topical term or geographic name entry element Professional employees
Geographic subdivision Germany.
650 #0 - SUBJECT ADDED ENTRY--TOPICAL TERM
Topical term or geographic name entry element Professions
General subdivision History.
650 #0 - SUBJECT ADDED ENTRY--TOPICAL TERM
Topical term or geographic name entry element Professions
Geographic subdivision Germany.
650 #0 - SUBJECT ADDED ENTRY--TOPICAL TERM
Topical term or geographic name entry element Vocational guidance
General subdivision History.
650 #4 - SUBJECT ADDED ENTRY--TOPICAL TERM
Topical term or geographic name entry element Arbeit.
650 #4 - SUBJECT ADDED ENTRY--TOPICAL TERM
Topical term or geographic name entry element Arbeits- und Industriesoziologie.
650 #4 - SUBJECT ADDED ENTRY--TOPICAL TERM
Topical term or geographic name entry element Berufsberatung.
650 #4 - SUBJECT ADDED ENTRY--TOPICAL TERM
Topical term or geographic name entry element Berufsbildung.
650 #4 - SUBJECT ADDED ENTRY--TOPICAL TERM
Topical term or geographic name entry element Berufssoziologie.
650 #4 - SUBJECT ADDED ENTRY--TOPICAL TERM
Topical term or geographic name entry element Geschichte.
650 #4 - SUBJECT ADDED ENTRY--TOPICAL TERM
Topical term or geographic name entry element Geschichtswissenschaft.
650 #4 - SUBJECT ADDED ENTRY--TOPICAL TERM
Topical term or geographic name entry element Industriegesellschaft.
650 #4 - SUBJECT ADDED ENTRY--TOPICAL TERM
Topical term or geographic name entry element Kulturgeschichte.
650 #4 - SUBJECT ADDED ENTRY--TOPICAL TERM
Topical term or geographic name entry element Sozialgeschichte.
650 #4 - SUBJECT ADDED ENTRY--TOPICAL TERM
Topical term or geographic name entry element Wirtschaftsgeschichte.
650 #7 - SUBJECT ADDED ENTRY--TOPICAL TERM
Topical term or geographic name entry element HISTORY / Social History.
Source of heading or term bisacsh
653 ## - INDEX TERM--UNCONTROLLED
Uncontrolled term Cultural History.
653 ## - INDEX TERM--UNCONTROLLED
Uncontrolled term Economic History.
653 ## - INDEX TERM--UNCONTROLLED
Uncontrolled term History.
653 ## - INDEX TERM--UNCONTROLLED
Uncontrolled term Industrial Society.
653 ## - INDEX TERM--UNCONTROLLED
Uncontrolled term Social History.
653 ## - INDEX TERM--UNCONTROLLED
Uncontrolled term Sociology of Occupations.
653 ## - INDEX TERM--UNCONTROLLED
Uncontrolled term Sociology of Work and Industry.
653 ## - INDEX TERM--UNCONTROLLED
Uncontrolled term Vocational Counselling.
653 ## - INDEX TERM--UNCONTROLLED
Uncontrolled term Vocational Education.
653 ## - INDEX TERM--UNCONTROLLED
Uncontrolled term Work.
776 0# - ADDITIONAL PHYSICAL FORM ENTRY
Qualifying information print
International Standard Book Number 9783837645491
856 40 - ELECTRONIC LOCATION AND ACCESS
Uniform Resource Identifier <a href="https://doi.org/10.1515/9783839445495?locatt=mode:legacy">https://doi.org/10.1515/9783839445495?locatt=mode:legacy</a>
Public note Open Access
-- 0
856 40 - ELECTRONIC LOCATION AND ACCESS
Uniform Resource Identifier <a href="https://www.degruyter.com/isbn/9783839445495">https://www.degruyter.com/isbn/9783839445495</a>
Public note Open Access
-- 0
856 42 - ELECTRONIC LOCATION AND ACCESS
Materials specified Cover
Uniform Resource Identifier <a href="https://www.degruyter.com/document/cover/isbn/9783839445495/original">https://www.degruyter.com/document/cover/isbn/9783839445495/original</a>
942 ## - ADDED ENTRY ELEMENTS (KOHA)
Koha item type E-Book
Holdings
Withdrawn status Damaged status Not for loan Home library Current library Date acquired Total Checkouts Date last seen Price effective from Koha item type
      De Gruyter De Gruyter 12/29/2022   12/29/2022 12/29/2022 E-Book

University of Rizal System
Email us at univlibservices@urs.edu.ph

Visit our Website www.urs.edu.ph/library